000 00424nam a22001577a 4500
005 20160426103659.0
008 160426b xxu||||| |||| 00| 0 eng d
040 _cPK-LaUMT
082 _aAMC 973.31
_bRIC-A
100 _aRichar B. Morris
245 _aThe american revolution
_ba short history
_cRichar B. Morris
260 _aNew Jersey
_bD. Van nostrand
_c1955
300 _a192 p.
546 _a(English)
942 _cBK
999 _c85438
_d85438